Water Conservation: Critical For Life on Earth : (Record no. 180687)

MARC details
000 -LEADER
fixed length control field 00629nam a22001937a 4500
005 - DATE AND TIME OF LATEST TRANSACTION
control field 20210813161313.0
010 ## - LCCN (DPL NO)
LC control number ENG-129857
020 ## - INTERNATIONAL STANDARD BOOK NUMBER
Terms of availability 1250.00
International Standard Book Number 978-93-88248-55-6
035 ## - SYSTEM CONTROL NUMBER
System control number EN-113389
037 ## - SOURCE OF ACQUISITION
Source of stock number/acquisition DBAD/PUB
082 ## - DEWEY DECIMAL CLASSIFICATION NUMBER
Classification number 333.9116
100 ## - MAIN ENTRY--PERSONAL NAME
Personal name Vats, Madhu
245 ## - TITLE STATEMENT
Title Water Conservation: Critical For Life on Earth :
Statement of responsibility, etc Madhu Vats
250 ## - EDITION STATEMENT
Edition statement 2019
260 ## - PUBLICATION, DISTRIBUTION, ETC. (IMPRINT)
Name of publisher, distributor, etc Gyan Geeta Prakashan
Date of publication, distribution, etc 2019
Place of publication, distribution, etc Delhi
270 ## - ADDRESS
Telephone number 09716234769
Electronic mail address gyangeetaprakashan@gmail.com
Address F-7,GALI NO-1,Panchsheel garden Ext.Naveen Shahdara
City Delhi
Postal code 110032
300 ## - PHYSICAL DESCRIPTION
Extent 302p.
Dimensions 24cm (hbk)
942 ## - ADDED ENTRY ELEMENTS (KOHA)
Source of classification or shelving scheme Dewey Decimal Classification
Item type English Books
Classification part 333.9116
Call number prefix VAT
Holdings
Withdrawn status Lost status Not for loan Collection code Home library Current library Date acquired Source of acquisition Cost, normal purchase price Full call number Barcode Copy number Cost, replacement price Koha item type
      Non-fiction Shahdara Branch Shahdara Branch 13/08/2021 DABD/PUB 1250.00 333.9116 VAT EN-113389 1 1250.00 English Books

© Delhi Public Library
Hit Counter
free hit counter